000 00807nam a2200229Ia 4500
005 20260430150731.0
008 008 250103s9999 xx 000 0 hin d
037 _aTheses
040 _aCRL
040 _bhin
040 _chin
041 _2hin
041 _ahin
084 _qCRL
100 _aअंजलि कुमार, ले.
_9864710
245 0 _aजैनेंद्र कुमार तथा यशपाल के कथा - साहित्य में स्त्री - चरित्र: तुलनात्मक अध्ययन
260 _c2020
300 _a277पृ0
700 _aदिल्ली विश्वविद्यालय. कला संकाय. हिन्दी विभाग
942 _cTH
999 _c1850509
_d1850509